[Event "Borsod-chT2 1415"]
[Site "Hungary"]
[Date "2015.02.07"]
[Round "6.6"]
[White "Izso, Istvan"]
[Black "Zelena, Laszlo"]
[Result "0-1"]
[WhiteElo "1493"]
[BlackElo "1811"]
[PlyCount "76"]
[EventDate "2014.09.28"]
[EventType "team-tourn"]
[EventRounds "7"]
[EventCountry "HUN"]
[SourceTitle "EXT 2016"]
[Source "ChessBase"]
[SourceDate "2015.10.08"]
[SourceVersion "1"]
[SourceVersionDate "2015.10.08"]
[SourceQuality "1"]
[WhiteTeam "Szendro"]
[BlackTeam "Miskolc KisBocsok III"]
[WhiteTeamCountry "HUN"]
[BlackTeamCountry "HUN"]

1. e4 e5 2. Nf3 Nc6 3. Bc4 d6 4. Nc3 Be7 5. d3 Nf6 6. Bg5 a6 7. Bxf6 gxf6 8. Qd2 Na5 9. Bb3 h5 10. h3 Bf8 11. Ne2 Nxb3 12. axb3 Bh6 13. Qd1 f5 14. Ng3 fxe4 15. dxe4 h4 16. Nf5 Bxf5 17. exf5 Qf6 18. Qd3 Bf4 19. Qe4 0-0-0 20. Ra5 Qg7 21. Rg1 Bc1 22. Ra2 d5 23. Qg4 Qf6 24. Ke2 Bf4 25. g3 Rdg8 26. gxf4 Rxg4 27. Rxg4 exf4 28. Rxf4 Re8+ 29. Kd3 Qe7 30. Nd4 c5 31. Ne6 fxe6 32. f6 Qh7+ 33. Kd2 Rf8 34. Raa4 Qh6 35. Ke2 d4 36. Kf3 Rxf6 37. Rxf6 Qxf6+ 38. Ke2 Qf5 0-1